000 00913cam a22002654a 4500
001 12083736
005 20180224075914.0
008 000628s2001 ctu b 001 0 eng
010 _a 00057928
020 _a0897896009 (alk. paper)
020 _a0897896017 (pbk. : alk. paper)
040 _aDLC
_cDLC
_dDLC
041 _aeng
042 _apcc
043 _an-us---
080 _a374.973
082 0 0 _a374.973 SHE
_221
100 _a25
101 _aEDU
245 0 0 _aMaking space :
_cedited by Vanessa Sheared and Peggy A. Sissel ; foreword by Phyllis M. Cunningham
504 _aIncludes bibliographical references and index.
906 _a7
_bcbc
_corignew
_d1
_eocip
_f20
_gy-gencatlg
942 _2ddc
_cBK
999 _c43379
_d43379